Rappeurs avec un son "Intro" - Mort subite - Statistiques

Statistiques générales
  • Ce quiz a été pris 171 fois
  • Le résultat moyen est 3 sur 10
Answers on the Grid
Answers color-coded by a green-red scale on the quiz's grid according to % correct below.
Hamza
Josman
SDM
Ninho
Damso
PLK
Niro
Gazo
Menace Santana
L2B
PNL
Favé
La Mano 1.9
Booba
Jok'air
Jul
Dinos
Nono la Grinta
 
Statistiques - réponses
Réponse % Correct
Ninho
54%
Josman
52%
Damso
32%
PLK
30%
SDM
25%
Gazo
21%
Hamza
21%
Niro
16%
L2B
11%
Menace Santana
5%
Aucun quiz correspondant
Distribution des résultats
% des personnes avec chaque résultat
Percentile par nombre de réponses
Votre historique - résultats
Vous n’avez pas pris ce quiz